Datum a čas kvízu
37.5
Celkem bodů
Celkový počet nahraných bodů na tomto kvízu bez doplňovacích otázek.
2.
Pořadí na kvízu
Konečné umístění týmu na tomto kvízu.
Zaznamenané odpovědi
| # | Otázka | Odpověď | Body | Výsledky |
|---|---|---|---|---|
| 1. | Minulý týden přijel do České r... | Viktor Orbán | 0 | |
| 2. | Kuriózní rozuzlení měl případ... | v Turecku | 1 | |
| 3. | Slovenská influencerka Zuzana... | C | 1 | |
| 4. | Provozovatel sociální sítě Ins... | Instagram Kids | 1 | |
| 5. | Fotbalový klub z Teplic po sér... | Jiří Jarošík | 0 | |
| 6. | Pojďme se podívat na leváky, k... | B | 1 | |
| 7. | V roce 1956 se v Praze narodil... | Yonex | 0 | |
| 8. | Obyvatelé arktických oblastí U... | Inuité | 1 | |
| 9. | Dabér Jaromír Meduna propůjčil... | Levák Bob | 1 | |
| 10. | Levákem byl i slavný vojevůdce... | na Korsice | 1 |